The great train mystery / (Record no. 4024)

MARC details
000 -LEADER
fixed length control field 02174cam a22005177a 4500
001 - CONTROL NUMBER
control field 4024
003 - CONTROL NUMBER IDENTIFIER
control field FISKH
005 - DATE AND TIME OF LATEST TRANSACTION
control field 20250404083555.0
008 - FIXED-LENGTH DATA ELEMENTS--GENERAL INFORMATION
fixed length control field 110423s2010 nyua j 000 1 eng d
010 ## - LIBRARY OF CONGRESS CONTROL NUMBER
LC control number 2011288781
020 ## - INTERNATIONAL STANDARD BOOK NUMBER
International Standard Book Number 9781442407824 (pbk.)
020 ## - INTERNATIONAL STANDARD BOOK NUMBER
International Standard Book Number 9780449814413
035 ## - SYSTEM CONTROL NUMBER
System control number (OCoLC)ocn645357761
040 ## - CATALOGING SOURCE
Original cataloging agency KCK
Transcribing agency KCK
Modifying agency IEP
-- BKX
-- ILC
-- JQW
-- DEL
-- DLC
Language of cataloging eng
042 ## - AUTHENTICATION CODE
Authentication code lccopycat
050 00 - LIBRARY OF CONGRESS CALL NUMBER
Classification number PZ7.L5894
Item number Gr 2010
082 04 - DEWEY DECIMAL CLASSIFICATION NUMBER
Classification number 813
Edition number 23
100 1# - MAIN ENTRY--PERSONAL NAME
Personal name Lewman, David.
245 14 - TITLE STATEMENT
Title The great train mystery /
Statement of responsibility, etc. adapted by David Lewman ; based on the screenplay "Krabby Patty No More" written by Casey Alexander, Zeus Cervas, Steven Banks & Dani Michaeli ; illustrated by The Artifact Group.
260 ## - PUBLICATION, DISTRIBUTION, ETC.
Place of publication, distribution, etc. New York :
Name of publisher, distributor, etc. Random House,
Date of publication, distribution, etc. 2010.
300 ## - PHYSICAL DESCRIPTION
Extent 32 pages ;
Other physical details color illustrations ;
Dimensions 23 cm
490 0# - SERIES STATEMENT
Series statement Ready-to-read : reading with help
Volume/sequential designation Level 2
500 ## - GENERAL NOTE
General note At head of title: Nickelodeon/Spongebob Squarepants.
500 ## - GENERAL NOTE
General note "Based on the TV series SpongeBob SquarePants created by Stephen Hillenburg as seen on Nickelodeon"--T.p. verso.
505 ## - FORMATTED CONTENTS NOTE
Formatted contents note G<br/>
520 ## - SUMMARY, ETC.
Summary, etc. When Mr. Krabs gives SpongeBob the only key to the vault holding the Krabby Patty's secret recipe, SpongeBob and Patrick must keep it safe, until it is stolen by a passenger on their train.
521 ## - TARGET AUDIENCE NOTE
Target audience note 380<br/>
Source Lexile <br/>
521 ## - TARGET AUDIENCE NOTE
Target audience note G<br/>
Source Raz-Plus <br/>
600 00 - SUBJECT ADDED ENTRY--PERSONAL NAME
Personal name SpongeBob SquarePants
Titles and other words associated with a name (Fictitious character)
Form subdivision Juvenile fiction.
650 #0 - SUBJECT ADDED ENTRY--TOPICAL TERM
Topical term or geographic name entry element Sponges
Form subdivision Juvenile fiction.
650 #0 - SUBJECT ADDED ENTRY--TOPICAL TERM
Topical term or geographic name entry element Marine animals
Form subdivision Juvenile fiction.
650 #0 - SUBJECT ADDED ENTRY--TOPICAL TERM
Topical term or geographic name entry element Formulas, recipes, etc.
Form subdivision Juvenile fiction.
650 #0 - SUBJECT ADDED ENTRY--TOPICAL TERM
Topical term or geographic name entry element Theft
Form subdivision Juvenile fiction.
650 #0 - SUBJECT ADDED ENTRY--TOPICAL TERM
Topical term or geographic name entry element Railroad trains
Form subdivision Juvenile fiction.
655 #0 - INDEX TERM--GENRE/FORM
Genre/form data or focus term Sea stories
Form subdivision Juvenile fiction.
655 #7 - INDEX TERM--GENRE/FORM
Genre/form data or focus term Radio and television novels
Form subdivision Juvenile fiction.
Source of term gsafd
655 #7 - INDEX TERM--GENRE/FORM
Genre/form data or focus term Mystery fiction
Form subdivision Juvenile fiction.
Source of term gsafd
700 1# - ADDED ENTRY--PERSONAL NAME
Personal name Alexander, Casey.
Relator term Author
700 1# - ADDED ENTRY--PERSONAL NAME
Personal name Cervas, Zeus.
Relator term Author
700 1# - ADDED ENTRY--PERSONAL NAME
Personal name Banks, Steven.
Relator term Author
700 1# - ADDED ENTRY--PERSONAL NAME
Personal name Michaeli, Dani.
Relator term Author
700 1# - ADDED ENTRY--PERSONAL NAME
Personal name Hillenburg, Stephen.
Relator term Author
906 ## - LOCAL DATA ELEMENT F, LDF (RLIN)
a 7
b cbc
c copycat
d 2
e ncip
f 20
g y-gencatlg
942 ## - ADDED ENTRY ELEMENTS (KOHA)
Source of classification or shelving scheme Dewey Decimal Classification
Koha item type Books
Suppress in OPAC No
Holdings
Withdrawn status Lost status Source of classification or shelving scheme Damaged status Not for loan Collection Home library Current library Shelving location Date acquired Total Checkouts Full call number Barcode Date last seen Date last checked out Copy number Price effective from Koha item type Date due
    Dewey Decimal Classification     Juvenile Fiction Footprints International School Library Network Toul Kork Campus Footprints International School Library Network Toul Kork Campus TK Primary Library Room(4th Floor), Bookcase 1&2, Shelves 1-16, Dark Blue Books 05/31/2024 2 LEW 813 PZ7.L5894 FISBK02710 11/06/2024 10/23/2024 1 05/31/2024 Books  
    Dewey Decimal Classification     Juvenile Fiction Footprints International School Library Network Toul Kork Campus Footprints International School Library Network Toul Kork Campus TK Primary Library Room(4th Floor), Bookcase 1&2, Shelves 1-16, Dark Blue Books 01/23/2025 2 LEW 813 PZ7.L5894 FISTKG1A067 02/04/2026 01/28/2026 2 01/23/2025 Books  
    Dewey Decimal Classification     Juvenile Fiction Footprints International School Library Network Toul Kork Campus Footprints International School Library Network Toul Kork Campus TK Primary Library Room(4th Floor), Bookcase 1&2, Shelves 1-16, Dark Blue Books 04/04/2025 4 LEW 813 PZ7.L5894 FISBK02709 04/23/2026 04/23/2026 3 04/04/2025 Books 05/07/2026